Normal view MARC view

Entry Topical Term

Number of records used in: 2

001 - CONTROL NUMBER

  • control field: 70933

003 - CONTROL NUMBER IDENTIFIER

  • control field: dpl

005 - DATE AND TIME OF LATEST TRANSACTION

  • control field: 20240903155445.0

008 - FIXED-LENGTH DATA ELEMENTS

  • fixed length control field: 240903|| aca||aabn | a|a d

040 ## - CATALOGING SOURCE

  • Original cataloging agency: dpl
  • Transcribing agency: dpl

150 ## - HEADING--TOPICAL TERM

  • Topical term or geographic name as entry element: Buddhism
  • Geographic subdivision: South Asia

670 ## - SOURCE DATA FOUND

  • Source citation: Work cat.: (dpl)42989: Ray, Haraprasad 70932, Chinese Sources of South Asian History in Translation:, 2009

© Delhi Public Library
Hit Counter
free hit counter